000 00326nam a22001451a 4500
020 _a9788190730464
082 _a170
_bVIN/I
245 _aIssues in applied ethics/
_cby Vinod Kumari
250 _a1st.
260 _aNew Delhi:
_bSatyam,
_c2009.
300 _a224p.
650 _aEthics
650 _aPhilosophy
942 _cBK
999 _c21104
_d21104